00354 a2200097 4500001001000000005001700010008004100027245006800068100002300136773009700159ART_5520220260410162021.0260409a 10aLa separación de hecho como causal de exclusión hereditaria1 aMillán, Fernando0 tTemas de derecho de familia, sucesiones y bioéticag- Año 7, N° 2 (feb. 2022)wREV41029